A field guide to the butterflies of North America, East of the great plains. (Registro nro. 5658)

Detalles MARC
000 -CABECERA
Campo de control 00729cam a2200193 a 4500
005 - FECHA Y HORA DE LA ULTIMA TRANSACCION
Campo de control 20140403151441.0
008 - ELEMENTOS DE LONGITUD FIJA—INFORMACION GENERAL
Campo de control 140402s1969 -usao gr|||| 00| 0 eng d
041 ## - IDIOMA
Código de idioma para texto/pista de sonido o título separado Inglés
044 ## - PAÍS DE PUBLICACIÓN
País de publicación Estados Unidos
082 ## - NUMERO DE CLASIFICACION DECIMAL DEWEY
Número de clasificación 595.98
Número del ítem K66f
100 1# - ASIENTO PRINCIPAL--NOMBRE PERSONAL
Nombre personal Klots, Alexander B.
242 14 - TRADUCCION DEL TITULO POR LA AGENCIA CATALOGADORA
Título Una guía de campo de las mariposas de Norte América, Este de las grandes planisies.
Mención de responsabilidad Alexander B. Klots
Código de idioma del título traducido spa
245 12 - MENCION DE TITULO
Título A field guide to the butterflies of North America, East of the great plains.
Mención de responsabilidad Alexander B. Klots
260 3# - PUBLICACION, DISTRIBUCION, ETC. (PIE DE IMPRENTA)
Lugar de publicación, distribución, etc. Cambridge
Nombre del editor, distribuidor, etc. Houghton Mifflin Company Boston
Fecha de publicación, distribución, etc. 1969
300 ## - DESCRIPCION FISICA
Extensión 349 p.
Otros detalles físicos il., fot.
Dimensiones 20 cm
590 ## - NOTA LOCAL
Nota local 242 traducción por la agencia catalogadora
650 #4 - ASIENTO SECUNDARIO DE MATERIA - TERMINO TEMATICO
Término temático o nombre geográfico como elemento de entrada Mariposas
Subdivisión de forma Guía de campo
942 ## - ELEMENTOS ADICIONALES (KOHA)
Tipo de ítem Impreso
Sistema de clasificación Local
Existencias
Withdrawn status Lost status Sistema de Clasificación Damaged status No para préstamo Colección Inventariado Ubicación Permanente Ubicación actual Fecha de adquisición Fuente de Valor Valor Total Checkouts Número topográfico Inventario / Código de Barras Date last seen Ejemplar Price effective from Forma de adquisición Tipo de material
    Dewey Decimal Classification     General Inventariado 2017 Bogotá Bogotá 10/07/2007 Amazon 60000.00   LB-595.98K66f 024701 04/12/2012 Ej.1 04/12/2012 Donación Libro